000 00508nam a22001697a 4500
999 _c41020
_d41020
003 OSt
005 20210301131823.0
008 210225b ||||| |||| 00| 0 eng d
020 _a9780199489428
040 _coclc
082 _a915.304
_bAHA/C
100 _98489
_aAhamed V Muzafer
245 _aCamels In The Sky :
_bTravels In Arabia /
_cV Muzafer Ahamed
260 _aNew Delhi:
_bOxford University,
_c2019.
300 _a188p
942 _2ddc
_cBK
_h915.304
_iAHA/C
_k915.304
_mAHA/C